000 01695cam a2200385 a 4500
999 _c23467
_d23467
001 14500043
003 OSt
005 20170126113922.0
008 060815s2007 ne a b 001 0 eng
010 _a 2006049191
015 _aGBA686681
_2bnb
016 7 _a013573729
_2Uk
020 _a9004144455 (hardback)
020 _a9789004144453 (hardback)
035 _a(OCoLC)ocm71210311
040 _aDLC
_cDLC
_dBAKER
_dC#P
_dYDXCP
_dYDX
_dUKM
_dDLC
041 1 _aeng
_hita
043 _ae-gr---
050 0 0 _aNK4648
_b.I8313 2007
082 0 0 _a738.3/820938
_222
100 1 _aIsler-Kerényi, Cornelia.
240 1 0 _aDionysos nella Grecia arcaica.
_lEnglish
245 1 0 _aDionysos in archaic Greece :
_ban understanding through images /
_cby Cornelia Isler-Kerényi ; translated by Wilfred G.E. Watson.
260 _aLeiden ;
_aBoston :
_bBrill,
_c2007.
300 _axx, 291 p. :
_bill. ;
_c25 cm.
440 0 _aReligions in the Graeco-Roman world,
_x0927-7633 ;
_vv. 160
504 _aIncludes bibliographical references (p. [255]-266) and indexes.
546 _aTranslated from the Italian.
600 0 0 _aDionysus
_c(Greek deity)
_xArt.
650 0 _aVase-painting, Greek
_xThemes, motives.
650 0 _aVases, Black-figured
_zGreece
_xThemes, motives.
700 1 _aWatson, Wilfred G. E.
906 _a7
_bcbc
_corignew
_d1
_eocip
_f20
_gy-gencatlg
942 _2lcc
_cBOOKS
_hNK 4648 .I8313 2007